|
|
|
|
| LEADER |
00000csc a2200000 a 4500 |
| 001 |
1683 |
| 005 |
20231030103623.0 |
| 008 |
000000|1941 ||||||||r|||||||||||spa|| |
| 040 |
|
|
|b spa
|
| 041 |
0 |
|
|a Español
|
| 082 |
0 |
|
|a 325.346
|
| 100 |
1 |
|
|a Casas, Fray Bartolomé de las.
|d 1484-1566
|9 287064
|
| 245 |
|
|
|a Doctrina
|c Fray Bartolomé de las Casas, prólogo de Agustín Yáñez
|h imp
|
| 264 |
|
|
|a México
|b Ediciones de la Universidad Nacional Autónoma
|c 1941
|
| 300 |
|
|
|a 175 páginas:
|c 19. cm
|
| 490 |
|
|
|a Biblioteca del Estudiante Universitario
|n no. 22
|
| 650 |
|
|
|a Esclavitud
|9 222
|
| 650 |
|
|
|a Conquista española
|9 8935
|
| 650 |
|
|
|a Encomiendas
|9 22984
|
| 852 |
|
|
|a UC-CDJBV
|c ESTANTERIA CERRADA
|f Compra
|k margarita.gutierrez
|l 1
|m Limitada
|p 00000000
|q 20.00
|t 1683
|y 65006
|b 1
|d CDRC
|e CDRC
|g 325.346 ESTANTERIA CERRADA
|z 0000-00-00
|
| 856 |
|
|
|a http://sibuc.ucuenca.edu.ec/portada/1683-cdj.jpg
|
| 942 |
|
|
|
| 999 |
|
|
|c 114143
|d 114143
|